Izolácia, identifikácia a štúdium diverzity autochtónnej bakteriálnej mikroflóry ovčieho hrudkového syra, letnej bryndze a sudovaného ovčieho syra dizertačná práca

Salvato in:
Dettagli Bibliografici
Autore principale: Porubiaková, Jadža
Natura: Libro
Lingua:slovacco
Pubblicazione: Bratislava STU FCHPT 2015
Accesso online:Visualizza in OPAC
Tags: Aggiungi Tag
Nessun Tag, puoi essere il primo ad aggiungerne!!

MARC

LEADER 00000nam a2200000 a 4500
005 20260127134234.0
008 160302 2015 000 0 slo d
035 |a vtls011509302 
039 9 |y 201603020802  |z mschk02 
040 |a STUSCHK1  |b slo  |c STUSCHK1  |e AACR2 
100 1 |a Porubiaková, Jadža 
245 1 |a Izolácia, identifikácia a štúdium diverzity autochtónnej bakteriálnej mikroflóry ovčieho hrudkového syra, letnej bryndze a sudovaného ovčieho syra  |b dizertačná práca  |c Jadža Porubiaková 
260 |a Bratislava  |b STU FCHPT  |c 2015 
300 |a 169 s.  |b il.  |c 24 cm 
500 |a Školiace pracovisko: Odd. výživy a hodnotenia potravín 
910 |a SCHK95 
999 |c 7548  |d 7548